[Event "Olimpiada de Khanty-Mansiysk 2010"]
[Site "Khanty-Mansiysk RUS"]
[Date "2010.10.03"]
[Round "11"]
[White "Cmilyte, Viktorija"]
[Black "Steel, Henry Robert"]
[Result "1-0"]
[WhiteElo "2513"]
[BlackElo "2300"]
[PlyCount "85"]
[EventDate "2010.09.21"]
[EventType "team"]
[EventRounds "11"]
[EventCountry "RUS"]
[Source "lmi"]
[SourceDate "2010.09.21"]
[WhiteTeam "Lituania"]
[BlackTeam "Sudáfrica"]
[WhiteTeamCountry "LTU"]
[BlackTeamCountry "RSA"]

1. d4 Nf6 2. c4 g6 3. Nc3 Bg7 4. g3 O-O 5. Bg2 d6 6. Nf3 Nbd7 7. O-O e5 8. e4
c6 9. b3 Qb6 10. Bb2 exd4 11. Na4 Qc7 12. Qxd4 Re8 13. Rad1 c5 14. Qd3 Nxe4 15.
Bxg7 Kxg7 16. Rfe1 Ndf6 17. Nh4 Ng5 18. Rxe8 Nxe8 19. Nc3 Ne6 20. Nd5 Qd8 21.
Qc3+ Kg8 22. Re1 Nd4 23. Nf3 Nxf3+ 24. Bxf3 Be6 25. Nf4 Ng7 26. Bxb7 Rb8 27.
Bf3 Qd7 28. h4 Nf5 29. Nxe6 fxe6 30. Rxe6 Nd4 31. Re3 Rf8 32. Bd5+ Kh8 33. Qe1
Qf5 34. Re8 Qf6 35. Qe3 Rxe8 36. Qxe8+ Kg7 37. Qd7+ Kh6 38. Qxa7 Ne2+ 39. Kg2
Qa1 40. Qf7 Qg1+ 41. Kh3 Nd4 42. Qf8+ Kh5 43. Qf4 1-0

[Event "Olimpiada de Khanty-Mansiysk 2010"]
[Site "Khanty-Mansiysk RUS"]
[Date "2010.10.03"]
[Round "11"]
[White "Van den Heever, Donovan"]
[Black "Zagorskis, Darius"]
[Result "0-1"]
[WhiteElo "2285"]
[BlackElo "2497"]
[PlyCount "84"]
[EventDate "2010.09.21"]
[EventType "team"]
[EventRounds "11"]
[EventCountry "RUS"]
[Source "lmi"]
[SourceDate "2010.09.21"]
[WhiteTeam "Sudáfrica"]
[BlackTeam "Lituania"]
[WhiteTeamCountry "RSA"]
[BlackTeamCountry "LTU"]

1. e4 c5 2. Nf3 e6 3. d4 cxd4 4. Nxd4 a6 5. Bd3 Qc7 6. O-O Nf6 7. Qe2 d6 8. c4
g6 9. Nc3 Bg7 10. Rd1 O-O 11. Nf3 Nc6 12. h3 Nd7 13. Bd2 Nde5 14. Rac1 Bd7 15.
b3 f5 16. exf5 gxf5 17. Bb1 Be8 18. Nxe5 dxe5 19. Be3 Bg6 20. Nb5 Qe7 21. Nd6
Rad8 22. Bc5 Qc7 23. Nb5 axb5 24. Bxf8 Bxf8 25. cxb5 Nd4 26. Qe1 Qd6 27. Kh1 e4
28. Rc4 e5 29. Qa5 Bh5 30. Rdc1 Ne2 31. Re1 Nf4 32. Bc2 b6 33. Qc3 Qd2 34. Qg3+
Kh8 35. Rg1 Ne2 36. Qxe5+ Bg7 37. Qxf5 Bg6 38. Qg4 Nxg1 39. Rc8 Rf8 40. Rxf8+
Bxf8 41. Qd1 Qxf2 42. Qxg1 e3 0-1

[Event "Olimpiada de Khanty-Mansiysk 2010"]
[Site "Khanty-Mansiysk RUS"]
[Date "2010.10.03"]
[Round "11"]
[White "Esen, Baris"]
[Black "Pelletier, Yannick"]
[Result "1/2-1/2"]
[WhiteElo "2538"]
[BlackElo "2592"]
[PlyCount "119"]
[EventDate "2010.09.21"]
[EventType "team"]
[EventRounds "11"]
[EventCountry "RUS"]
[Source "lmi"]
[SourceDate "2010.09.21"]
[WhiteTeam "Turquía"]
[BlackTeam "Suiza"]
[WhiteTeamCountry "TUR"]
[BlackTeamCountry "SUI"]

1. d4 Nf6 2. c4 e6 3. Nf3 b6 4. a3 Bb7 5. Nc3 d5 6. cxd5 Nxd5 7. Bd2 Be7 8. Qc2
O-O 9. e4 Nxc3 10. Bxc3 c5 11. dxc5 bxc5 12. Rd1 Qb6 13. Bd3 Nc6 14. e5 h6 15.
O-O Rad8 16. Bh7+ Kh8 17. Be4 Nd4 18. Bxd4 cxd4 19. Bxb7 Qxb7 20. Nxd4 Rd5 21.
Nf3 Rc8 22. Qe2 Rb8 23. b4 a5 24. Rxd5 Qxd5 25. Rd1 Qb3 26. Nd4 Qc3 27. Nb5 Qb3
28. Nd6 Bxd6 29. exd6 axb4 30. axb4 Qxb4 31. d7 Rd8 32. Qa6 Qb3 33. Qd6 e5 34.
h3 Qe6 35. Qc7 Qe7 36. Rd5 e4 37. Kf1 Kg8 38. Ke2 f6 39. Rd4 Kf7 40. Rd6 Kf8
41. Ke3 Kf7 42. Qc4+ Kf8 43. Qd5 Qf7 44. Qc5 Qe7 45. Qc7 Kf7 46. h4 Kf8 47. Qc5
Kf7 48. h5 Kf8 49. Qd5 Qf7 50. Kxe4 Qe7+ 51. Kf3 Qf7 52. Kg4 Qe7 53. Kf3 Qf7
54. Kf4 Qe7 55. g4 Qe2 56. Kg3 Ke7 57. Rb6 Rxd7 58. Rb7 Rxb7 59. Qxb7+ Kf8 60.
Qc8+ 1/2-1/2

[Event "Olimpiada de Khanty-Mansiysk 2010"]
[Site "Khanty-Mansiysk RUS"]
[Date "2010.10.03"]
[Round "11"]
[White "Buss, Ralph"]
[Black "Yilmaz, Mustafa"]
[Result "0-1"]
[WhiteElo "2433"]
[BlackElo "2482"]
[PlyCount "98"]
[EventDate "2010.09.21"]
[EventType "team"]
[EventRounds "11"]
[EventCountry "RUS"]
[Source "lmi"]
[SourceDate "2010.09.21"]
[WhiteTeam "Suiza"]
[BlackTeam "Turquía"]
[WhiteTeamCountry "SUI"]
[BlackTeamCountry "TUR"]

1. Nf3 Nf6 2. c4 e6 3. g3 a6 4. Bg2 b5 5. b3 c5 6. Nc3 Qb6 7. e3 Bb7 8. Qe2 Bc6
9. O-O Be7 10. Rd1 O-O 11. Ne1 d5 12. cxd5 exd5 13. Bb2 Re8 14. d4 cxd4 15.
Rxd4 Bc5 16. Rf4 d4 17. Rxf6 dxc3 18. Bxc3 gxf6 19. Qg4+ Kf8 20. Bxf6 Re6 21.
Qg7+ Ke8 22. Bh3 Bf8 23. Qh8 Be4 24. Bg7 Nd7 25. Rd1 Qc5 26. Bxe6 fxe6 27. Rd4
Bf5 28. Nd3 Qe7 29. Bh6 Qf6 30. Qxf6 Nxf6 31. Bxf8 Kxf8 32. Nc5 Ke7 33. f3 e5
34. Rd2 Nd7 35. Rd5 Be6 36. Nxe6 Kxe6 37. e4 Rc8 38. Rd2 Rc3 39. Kf2 Nc5 40. g4
Nd3+ 41. Ke2 Nf4+ 42. Kf2 h5 43. gxh5 Nxh5 44. Kg2 Nf4+ 45. Kg3 Rc1 46. Kg4
Rg1+ 47. Kh4 b4 48. Rc2 Kd6 49. a3 Rg2 0-1

[Event "Olimpiada de Khanty-Mansiysk 2010"]
[Site "Khanty-Mansiysk RUS"]
[Date "2010.10.03"]
[Round "11"]
[White "Miezis, Normunds"]
[Black "Al-Sayed, Mohammed"]
[Result "1/2-1/2"]
[WhiteElo "2519"]
[BlackElo "2495"]
[PlyCount "133"]
[EventDate "2010.09.21"]
[EventType "team"]
[EventRounds "11"]
[EventCountry "RUS"]
[Source "lmi"]
[SourceDate "2010.09.21"]
[WhiteTeam "Letonia"]
[BlackTeam "Qatar"]
[WhiteTeamCountry "LAT"]
[BlackTeamCountry "QAT"]

1. c4 e6 2. e4 d5 3. exd5 exd5 4. d4 Nf6 5. Nc3 Be7 6. Nf3 O-O 7. Be2 Nc6 8.
O-O Be6 9. cxd5 Nxd5 10. Re1 a6 11. Bd3 Bf6 12. Ne4 Bg4 13. Nxf6+ Qxf6 14. Be4
Rad8 15. Bg5 Qxg5 16. Nxg5 Bxd1 17. Raxd1 g6 18. h4 Rd6 19. a3 Rfd8 20. Bb1 Nf6
21. Ba2 R8d7 22. Nf3 Kg7 23. Rc1 Nxd4 24. Ne5 Re7 25. Bxf7 Nd7 26. Nxd7 Ne2+
27. Rxe2 Rxe2 28. Bc4 Rxb2 29. Nc5 Rdd2 30. Re1 Rxf2 31. Bf1 Rfc2 32. Ne6+ Kf6
33. Ng5 h6 34. Re6+ Kg7 35. Nf3 Rc1 36. Re7+ Kf6 37. Re3 c5 38. Ne5 Rbb1 39.
Ng4+ Kg7 40. Rf3 c4 41. Ne3 b5 42. Kf2 Rb2+ 43. Be2 c3 44. h5 c2 45. Kg3 Re1
46. Nxc2 Rxe2 47. Ne3 a5 48. hxg6 Kxg6 49. Ng4 h5 50. Ne3 Rb3 51. Nd5 Reb2 52.
Nf4+ Kg5 53. Nd3 Rxa3 54. Nxb2 h4+ 55. Kf2 Ra2 56. Rb3 b4 57. Kf3 Ra3 58. Re3
Rxe3+ 59. Kxe3 Kg4 60. Kf2 Kf4 61. Ke2 Ke4 62. Na4 Kd4 63. Kd2 b3 64. Nb2 Ke4
65. Ke2 Kf4 66. Kf2 Kg4 67. Na4 1/2-1/2

[Event "Olimpiada de Khanty-Mansiysk 2010"]
[Site "Khanty-Mansiysk RUS"]
[Date "2010.10.03"]
[Round "11"]
[White "Meijers, Viesturs"]
[Black "Nezad, Husein Aziz"]
[Result "0-1"]
[WhiteElo "2502"]
[BlackElo "2394"]
[PlyCount "110"]
[EventDate "2010.09.21"]
[EventType "team"]
[EventRounds "11"]
[EventCountry "RUS"]
[Source "lmi"]
[SourceDate "2010.09.21"]
[WhiteTeam "Letonia"]
[BlackTeam "Qatar"]
[WhiteTeamCountry "LAT"]
[BlackTeamCountry "QAT"]

1. c4 e6 2. e3 c5 3. Nf3 Nf6 4. b3 b6 5. Bb2 Bb7 6. g3 Be7 7. Bg2 O-O 8. O-O d5
9. Qe2 Nc6 10. Rd1 dxc4 11. bxc4 Qc7 12. d4 Rfd8 13. Nc3 cxd4 14. exd4 Na5 15.
Ne5 Bxg2 16. Kxg2 Rac8 17. Nb5 Qb7+ 18. Kg1 a6 19. Na3 Qe4 20. Qxe4 Nxe4 21. f3
Nd6 22. Rac1 f6 23. c5 Nb5 24. Nec4 Nxc4 25. Rxc4 e5 26. Nxb5 axb5 27. Rcc1
bxc5 28. dxe5 c4 29. Kf1 Rxd1+ 30. Rxd1 c3 31. Bc1 fxe5 32. Rd5 b4 33. Rxe5 Kf7
34. Ra5 Rd8 35. Ke2 c2 36. Ra7 Rd1 37. Bg5 Kg6 38. Bf4 Bf6 39. Rc7 Bc3 40. h4
c1=Q 41. Bxc1 Rxc1 42. Kd3 Rf1 43. Ke4 Ra1 44. g4 Rxa2 45. f4 Re2+ 46. Kf3 Re1
47. Rb7 Kf6 48. h5 Ke6 49. g5 Kd6 50. f5 Kc6 51. Rb8 Re5 52. Kf4 Rb5 53. Rg8 b3
54. f6 b2 55. fxg7 Bxg7 0-1

[Event "Olimpiada de Khanty-Mansiysk 2010"]
[Site "Khanty-Mansiysk RUS"]
[Date "2010.10.03"]
[Round "11"]
[White "Al-Tamimi, Hamad"]
[Black "Sveshnikov, Vladimir"]
[Result "1/2-1/2"]
[WhiteElo "2250"]
[BlackElo "2374"]
[PlyCount "81"]
[EventDate "2010.09.21"]
[EventType "team"]
[EventRounds "11"]
[EventCountry "RUS"]
[Source "lmi"]
[SourceDate "2010.09.21"]
[WhiteTeam "Qatar"]
[BlackTeam "Letonia"]
[WhiteTeamCountry "QAT"]
[BlackTeamCountry "LAT"]

1. e4 c5 2. Nf3 Nc6 3. Bb5 g6 4. Bxc6 dxc6 5. d3 Bg7 6. h3 Nf6 7. Nc3 Nd7 8.
Be3 e5 9. Qd2 h6 10. Nh2 Qe7 11. O-O b6 12. f4 exf4 13. Bxf4 Ne5 14. a4 a5 15.
Rf2 Be6 16. Raf1 O-O-O 17. Nf3 Nxf3+ 18. Rxf3 Kb7 19. b3 g5 20. Be3 Be5 21. Ne2
Qc7 22. Bf2 g4 23. hxg4 Bxg4 24. Re3 h5 25. Bg3 Bxg3 26. Nxg3 h4 27. Nf5 h3 28.
g3 h2+ 29. Kh1 Rh3 30. Rf4 Bxf5 31. Rxf5 Rxg3 32. Rxg3 Qxg3 33. Rxf7+ Ka6 34.
Qg2 Qe3 35. Rf1 b5 36. axb5+ Kxb5 37. Qf2 Qh3 38. Qf5 Qg3 39. Qf4 Qh3 40. Qf5
Qg3 41. Qf4 1/2-1/2

[Event "Olimpiada de Khanty-Mansiysk 2010"]
[Site "Khanty-Mansiysk RUS"]
[Date "2010.10.03"]
[Round "11"]
[White "Amanov, Mesgen"]
[Black "Chumfwa, Stanley"]
[Result "0-1"]
[WhiteElo "2493"]
[BlackElo "2315"]
[PlyCount "106"]
[EventDate "2010.09.21"]
[EventType "team"]
[EventRounds "11"]
[EventCountry "RUS"]
[Source "lmi"]
[SourceDate "2010.09.21"]
[WhiteTeam "Turkmenistán"]
[BlackTeam "Zambia"]
[WhiteTeamCountry "TKM"]
[BlackTeamCountry "ZAM"]

1. d4 Nf6 2. c4 e6 3. Nf3 b6 4. g3 Ba6 5. b3 Bb4+ 6. Bd2 Be7 7. Bg2 c6 8. Bc3
d5 9. Ne5 Nfd7 10. Nxd7 Nxd7 11. Nd2 O-O 12. O-O Rc8 13. e4 c5 14. exd5 exd5
15. dxc5 dxc4 16. c6 cxb3 17. Re1 Bb5 18. axb3 a5 19. Rc1 Bxc6 20. Bxg7 Kxg7
21. Rxc6 Rxc6 22. Bxc6 Nf6 23. Qc1 Bc5 24. Nf3 Ng4 25. Re2 Qf6 26. Bd5 Rd8 27.
Qc4 h5 28. Rd2 Bxf2+ 29. Rxf2 Rxd5 30. Qxd5 Qa1+ 31. Rf1 Qxf1+ 32. Kxf1 Ne3+
33. Ke2 Nxd5 34. Kd3 Kf6 35. h3 b5 36. Kd4 Nc7 37. Kc5 a4 38. bxa4 bxa4 39. Kb4
Nd5+ 40. Kxa4 Nc3+ 41. Kb4 Ne4 42. g4 Ng5 43. Nd2 h4 44. Kc4 Ke5 45. Kc5 Kf4
46. Kd6 Nxh3 47. Ke7 Ng5 48. Nf1 h3 49. Kf6 Kxg4 50. Nh2+ Kg3 51. Nf1+ Kf4 52.
Nh2 Ne4+ 53. Kxf7 Nd2 0-1

[Event "Olimpiada de Khanty-Mansiysk 2010"]
[Site "Khanty-Mansiysk RUS"]
[Date "2010.10.03"]
[Round "11"]
[White "Jere, Daniel"]
[Black "Annaberdiev, Meylis"]
[Result "1-0"]
[WhiteElo "2267"]
[BlackElo "2465"]
[PlyCount "135"]
[EventDate "2010.09.21"]
[EventType "team"]
[EventRounds "11"]
[EventCountry "RUS"]
[Source "lmi"]
[SourceDate "2010.09.21"]
[WhiteTeam "Zambia"]
[BlackTeam "Turkmenistán"]
[WhiteTeamCountry "ZAM"]
[BlackTeamCountry "TKM"]

1. c4 g6 2. g3 Bg7 3. Bg2 d6 4. Nc3 Nc6 5. Nf3 e5 6. d3 f5 7. O-O Nf6 8. Rb1
O-O 9. b4 h6 10. b5 Ne7 11. a4 a5 12. bxa6 Rxa6 13. c5 e4 14. cxd6 Rxd6 15. Ne1
Kh7 16. Ba3 Rd7 17. Qc2 e3 18. fxe3 c6 19. Nf3 Qa5 20. Bb4 Qa7 21. d4 Ng4 22.
Nd1 Qb8 23. h3 Nf6 24. Ne5 Re8 25. Qb3 Ned5 26. Nxd7 Bxd7 27. Be1 Bc8 28. Qc2
Qd6 29. Rb3 Re7 30. g4 Ne4 31. gxf5 Bxf5 32. Bh4 Bf6 33. Bxf6 Ndxf6 34. Nc3 Ng3
35. e4 Nxf1 36. Kxf1 Qf4+ 37. Kg1 Qe3+ 38. Kh2 Qf4+ 39. Kh1 Be6 40. Rb1 Nh5 41.
Qd3 Rf7 42. d5 Ng3+ 43. Kg1 cxd5 44. Nxd5 Qe5 45. e3 g5 46. Rb5 Nh5 47. Qd1 Ng3
48. Nf4 Qf6 49. e5 Qf5 50. Nxe6 Qxe6 51. Qb1+ Kg7 52. Bd5 Ne2+ 53. Kg2 Qxe5 54.
Qg6+ Kxg6 55. Bxf7+ Kf6 56. Rxe5 Kxe5 57. Bh5 Nc3 58. a5 Ne4 59. Bf3 h5 60.
Bxh5 Nd6 61. Be2 Ke4 62. Bf3+ Kxe3 63. Bxb7 Kf4 64. a6 Nb5 65. Bc8 Ke5 66. Kg3
Kd6 67. Kg4 Kc7 68. Bb7 1-0

[Event "Olimpiada de Khanty-Mansiysk 2010"]
[Site "Khanty-Mansiysk RUS"]
[Date "2010.10.03"]
[Round "11"]
[White "Chumfwa, Kelvin"]
[Black "Atabayev, Yusup"]
[Result "0-1"]
[WhiteElo "2224"]
[BlackElo "2313"]
[PlyCount "74"]
[EventDate "2010.09.21"]
[EventType "team"]
[EventRounds "11"]
[EventCountry "RUS"]
[Source "lmi"]
[SourceDate "2010.09.21"]
[WhiteTeam "Zambia"]
[BlackTeam "Turkmenistán"]
[WhiteTeamCountry "ZAM"]
[BlackTeamCountry "TKM"]

1. d4 Nf6 2. Nf3 g6 3. c4 Bg7 4. Nc3 O-O 5. e4 d6 6. Be2 e5 7. O-O Nc6 8. d5
Ne7 9. b4 Nh5 10. Re1 a5 11. Ba3 axb4 12. Bxb4 b6 13. a4 Nf4 14. Bf1 f5 15. Nd2
g5 16. Nb5 Bd7 17. a5 Bxb5 18. cxb5 bxa5 19. Rxa5 Kh8 20. g3 Nfg6 21. exf5 Nxf5
22. Ne4 Nd4 23. Re3 Ne7 24. Nxg5 Nxd5 25. Rxa8 Qxa8 26. Ra3 Qe8 27. Bd2 Nf6 28.
Qb1 Qh5 29. h4 h6 30. g4 Qxg4+ 31. Rg3 Qf5 32. Qxf5 Nxf5 33. Rh3 Nd4 34. Ba5
Nd5 35. Bc4 Nf4 36. Rh1 d5 37. Bf1 hxg5 0-1

[Event "Olimpiada de Khanty-Mansiysk 2010"]
[Site "Khanty-Mansiysk RUS"]
[Date "2010.10.03"]
[Round "11"]
[White "Megaranto, Susanto"]
[Black "Gundavaa, Bayarsaikhan"]
[Result "1-0"]
[WhiteElo "2516"]
[BlackElo "2460"]
[PlyCount "119"]
[EventDate "2010.09.21"]
[EventType "team"]
[EventRounds "11"]
[EventCountry "RUS"]
[Source "lmi"]
[SourceDate "2010.09.21"]
[WhiteTeam "Indonesia"]
[BlackTeam "Mongolia"]
[WhiteTeamCountry "INA"]
[BlackTeamCountry "MGL"]

1. e4 c5 2. Nf3 d6 3. d4 cxd4 4. Nxd4 Nf6 5. Nc3 a6 6. Bc4 e6 7. Bb3 b5 8. O-O
Be7 9. Qf3 Qb6 10. Be3 Qb7 11. Qg3 b4 12. Na4 Nbd7 13. f3 O-O 14. Rac1 Ne5 15.
Ne2 a5 16. Rfd1 Bd7 17. c4 bxc3 18. Nexc3 Ra6 19. Kh1 Rc8 20. Bd4 Nh5 21. Qf2
Nf4 22. Bxe5 dxe5 23. g3 Ng6 24. Bc2 Rac6 25. Bb3 Be8 26. Rd3 Nf8 27. Rcd1 Nd7
28. Nd5 exd5 29. Bxd5 Nf6 30. Bxc6 Rxc6 31. Qd2 Qc7 32. Rc3 h6 33. Rdc1 Qb7 34.
Nc5 Qb5 35. Rb3 Rd6 36. Qxd6 Bxd6 37. Rxb5 Bxb5 38. Nb7 Bb4 39. a3 Bd2 40. Rc5
Be2 41. Kg2 Be3 42. Rxa5 Bd4 43. Ra8+ Kh7 44. b4 Nd7 45. Nd6 Nb6 46. Rf8 Kg6
47. Rd8 Na4 48. Rd7 Nb2 49. Nf5 Bc3 50. Rc7 Na4 51. g4 Bb2 52. h4 Bb5 53. Nd6
Bd3 54. Rxf7 h5 55. g5 Nc3 56. Rd7 Ne2 57. Nf5 Nf4+ 58. Kh2 Kh7 59. Rxg7+ Kh8
60. g6 1-0

[Event "Olimpiada de Khanty-Mansiysk 2010"]
[Site "Khanty-Mansiysk RUS"]
[Date "2010.10.03"]
[Round "11"]
[White "Battulga, Namkhai"]
[Black "Novita, Anjas"]
[Result "1-0"]
[WhiteElo "2421"]
[BlackElo "2356"]
[PlyCount "59"]
[EventDate "2010.09.21"]
[EventType "team"]
[EventRounds "11"]
[EventCountry "RUS"]
[Source "lmi"]
[SourceDate "2010.09.21"]
[WhiteTeam "Mongolia"]
[BlackTeam "Indonesia"]
[WhiteTeamCountry "MGL"]
[BlackTeamCountry "INA"]

1. e4 c5 2. Nf3 d6 3. d4 cxd4 4. Nxd4 Nf6 5. Nc3 a6 6. Be3 e6 7. f3 Be7 8. Qd2
O-O 9. O-O-O b5 10. g4 Bb7 11. g5 Nfd7 12. Qg2 Qc7 13. h4 Rc8 14. Bd3 Ne5 15.
Kb1 Nbd7 16. h5 Nf8 17. Rdg1 b4 18. Nce2 a5 19. g6 hxg6 20. hxg6 fxg6 21. Nf4
Kf7 22. Rh8 Ba6 23. Rxf8+ Bxf8 24. Nfxe6 Qb7 25. Bxa6 Rxa6 26. f4 Ke8 27. fxe5
dxe5 28. Qxg6+ Qf7 29. Nxg7+ Bxg7 30. Qxa6 1-0

[Event "Olimpiada de Khanty-Mansiysk 2010"]
[Site "Khanty-Mansiysk RUS"]
[Date "2010.10.03"]
[Round "11"]
[White "Zhao, Zong-Yuan"]
[Black "Olape, Olubunmi"]
[Result "1-0"]
[WhiteElo "2583"]
[BlackElo "2256"]
[PlyCount "75"]
[EventDate "2010.09.21"]
[EventType "team"]
[EventRounds "11"]
[EventCountry "RUS"]
[Source "lmi"]
[SourceDate "2010.09.21"]
[WhiteTeam "Australia"]
[BlackTeam "Nigeria"]
[WhiteTeamCountry "AUS"]
[BlackTeamCountry "NGR"]

1. c4 e5 2. Nc3 Nf6 3. g3 Bb4 4. Bg2 O-O 5. Nf3 d6 6. O-O Nc6 7. d3 Re8 8. Nd5
Nxd5 9. cxd5 Ne7 10. a3 Ba5 11. b4 Bb6 12. Nd2 c6 13. dxc6 bxc6 14. Nc4 Bd4 15.
Rb1 d5 16. Na5 Bb6 17. Bd2 c5 18. Bc3 f6 19. Qa4 Bd7 20. Qb3 Be6 21. Nb7 Qd7
22. bxc5 Qxb7 23. cxb6 axb6 24. Qxb6 Qxb6 25. Rxb6 Rxa3 26. Bxe5 Bf7 27. Bb2
Ra2 28. Rc1 Nc8 29. Rb4 h6 30. Bf3 Nd6 31. Rc7 Rd8 32. Bd4 Raa8 33. Bc5 Ne8 34.
Re7 Rac8 35. Rbb7 Rxc5 36. Rxf7 d4 37. Rfd7 Rcc8 38. Bh5 1-0

[Event "Olimpiada de Khanty-Mansiysk 2010"]
[Site "Khanty-Mansiysk RUS"]
[Date "2010.10.03"]
[Round "11"]
[White "Rodgaard, John"]
[Black "Gonzalez Zamora, Juan Car"]
[Result "1-0"]
[WhiteElo "2352"]
[BlackElo "2564"]
[PlyCount "103"]
[EventDate "2010.09.21"]
[EventType "team"]
[EventRounds "11"]
[EventCountry "RUS"]
[Source "lmi"]
[SourceDate "2010.09.21"]
[WhiteTeam "Islas Faroe"]
[BlackTeam "México"]
[WhiteTeamCountry "FAI"]
[BlackTeamCountry "MEX"]

1. c4 Nf6 2. Nf3 e6 3. g3 d5 4. d4 Bb4+ 5. Bd2 Be7 6. Bg2 O-O 7. O-O c6 8. Qc2
b6 9. cxd5 exd5 10. Ne5 Bb7 11. Nc3 Nbd7 12. e4 dxe4 13. Nxe4 Nxe5 14. dxe5 Nd5
15. Rfe1 c5 16. Rad1 Qc7 17. Nd6 Bc6 18. Qc4 Bxd6 19. exd6 Qb7 20. Bg5 Nb4 21.
Re7 Bxg2 22. Rxb7 Bxb7 23. Be7 Rfb8 24. Qg4 Kh8 25. d7 Nc6 26. Bd6 Rg8 27. Bc7
h6 28. Qf4 f6 29. Qd6 Rgf8 30. f4 Rg8 31. a3 Kh7 32. Kf2 h5 33. h4 Kh6 34. d8=Q
Nxd8 35. Bxd8 Raxd8 36. Qxd8 Rxd8 37. Rxd8 Bc6 38. Rc8 Bd5 39. Rc7 a5 40. Rd7
Be4 41. Ke3 Bg2 42. Rd6 b5 43. Ra6 a4 44. Rb6 b4 45. axb4 cxb4 46. Rxb4 Bc6 47.
Rb6 Be8 48. Ra6 Kg6 49. Ra5 Bd7 50. Kd4 Be8 51. Kc3 Bd7 52. Kb4 1-0

[Event "Olimpiada de Khanty-Mansiysk 2010"]
[Site "Khanty-Mansiysk RUS"]
[Date "2010.10.03"]
[Round "11"]
[White "Matamoros, Franco Carlos"]
[Black "Lodhi, Mahmood"]
[Result "1/2-1/2"]
[WhiteElo "2542"]
[BlackElo "2391"]
[PlyCount "117"]
[EventDate "2010.09.21"]
[EventType "team"]
[EventRounds "11"]
[EventCountry "RUS"]
[Source "lmi"]
[SourceDate "2010.09.21"]
[WhiteTeam "Ecuador"]
[BlackTeam "Pakistán"]
[WhiteTeamCountry "ECU"]
[BlackTeamCountry "PAK"]

1. c4 e5 2. g3 Nf6 3. Bg2 d5 4. cxd5 Nxd5 5. Nc3 Be6 6. Nf3 Nc6 7. O-O Be7 8.
d4 Nxc3 9. bxc3 exd4 10. Nxd4 Nxd4 11. cxd4 c6 12. e4 O-O 13. d5 cxd5 14. exd5
Bf5 15. Qb3 Qd7 16. Bf4 Rac8 17. d6 Bf6 18. Rac1 g5 19. Be3 b6 20. Qd5 Be6 21.
Qd2 Be5 22. Bxg5 Qxd6 23. Qe2 Bg7 24. Be4 h6 25. Bf4 Qd4 26. Rcd1 Qf6 27. Rfe1
Rfd8 28. Bb1 Bf5 29. Bxf5 Qxf5 30. Qe7 Rxd1 31. Rxd1 Qc2 32. Rc1 Qxc1+ 33. Bxc1
Rxc1+ 34. Kg2 Rc2 35. a4 Bf8 36. Qe4 Rc5 37. g4 a6 38. Qb7 Rc4 39. h3 Rxa4 40.
Qxb6 a5 41. Qb5 Ra1 42. g5 a4 43. Qe5 Rb1 44. gxh6 Rb6 45. Qe8 Rxh6 46. Qxa4
Rg6+ 47. Kf1 Bh6 48. Qd4 Bg7 49. Qd8+ Kh7 50. f4 Rf6 51. Qd3+ Kg8 52. f5 Rh6
53. Qd8+ Kh7 54. Qd7 Rxh3 55. Qxf7 Rh6 56. Ke2 Rf6 57. Qh5+ Kg8 58. Qe8+ Kh7
59. Qh5+ 1/2-1/2

[Event "Olimpiada de Khanty-Mansiysk 2010"]
[Site "Khanty-Mansiysk RUS"]
[Date "2010.10.03"]
[Round "11"]
[White "Amer, Karim"]
[Black "Mieles Palau, Daniel"]
[Result "1-0"]
[WhiteElo "2234"]
[BlackElo "2422"]
[PlyCount "171"]
[EventDate "2010.09.21"]
[EventType "team"]
[EventRounds "11"]
[EventCountry "RUS"]
[Source "lmi"]
[SourceDate "2010.09.21"]
[WhiteTeam "Pakistán"]
[BlackTeam "Ecuador"]
[WhiteTeamCountry "PAK"]
[BlackTeamCountry "ECU"]

1. f4 c5 2. Nf3 Nc6 3. e4 g6 4. Bc4 Bg7 5. Nc3 e6 6. e5 d6 7. O-O Nge7 8. d3
O-O 9. exd6 Nf5 10. Ne4 Nxd6 11. Nxd6 Qxd6 12. Qe1 b6 13. Ng5 Bb7 14. Bd2 Nd4
15. c3 Nc2 16. Qh4 h6 17. Nxe6 fxe6 18. Rac1 Bd5 19. Bxd5 Qxd5 20. Qh3 c4 21.
Rxc2 cxd3 22. Rcc1 Kh7 23. b3 Rad8 24. Rfe1 Rfe8 25. Re3 Rd6 26. Kh1 Rc8 27. c4
Qf5 28. Qf3 h5 29. h3 Rcd8 30. g4 hxg4 31. hxg4 Qc5 32. Qe4 Qc6 33. Rce1 Qxe4+
34. Rxe4 Re8 35. Kg2 Kg8 36. Kf3 Kf7 37. Rh1 Rb8 38. Rc1 Bb2 39. Rb1 Bg7 40.
Rc1 Bb2 41. Rd1 a5 42. a4 Rh8 43. Kg3 Rhd8 44. Rh1 Bg7 45. Kf2 Bd4+ 46. Ke1 Bg7
47. Kd1 R6d7 48. Rh3 Rd6 49. Ree3 R8d7 50. Ref3 Rd8 51. Rh7 Kg8 52. Rh2 Rf8 53.
Rhf2 Kf7 54. Bc1 Rh8 55. Kd2 Rh1 56. Ba3 Rd7 57. Rxd3 Rxd3+ 58. Kxd3 Rh3+ 59.
Kc2 Rc3+ 60. Kd1 Rxb3 61. Bc1 Rb4 62. Rd2 Rxc4 63. Rd7+ Kg8 64. Rd6 Rxa4 65.
Rxe6 Rd4+ 66. Ke2 Rc4 67. Be3 a4 68. Rxb6 a3 69. Ra6 Rc2+ 70. Kd3 Rc3+ 71. Ke4
Rb3 72. Bc5 Rg3 73. g5 Kh7 74. Bxa3 Rb3 75. Bd6 Rb1 76. Ra7 Kg8 77. Kd5 Rb5+
78. Ke6 Rf5 79. Rb7 Bd4 80. Rb8+ Kh7 81. Rb1 Bg7 82. Rb4 Kg8 83. Rc4 Kh7 84.
Be7 Ra5 85. Kf7 Rb5 86. Rc1 1-0

[Event "Olimpiada de Khanty-Mansiysk 2010"]
[Site "Khanty-Mansiysk RUS"]
[Date "2010.10.03"]
[Round "11"]
[White "Macias Murillo, Bryan"]
[Black "Wasim, Akram"]
[Result "0-1"]
[WhiteElo "2377"]
[BlackElo "2054"]
[PlyCount "160"]
[EventDate "2010.09.21"]
[EventType "team"]
[EventRounds "11"]
[EventCountry "RUS"]
[Source "lmi"]
[SourceDate "2010.09.21"]
[WhiteTeam "Ecuador"]
[BlackTeam "Pakistán"]
[WhiteTeamCountry "ECU"]
[BlackTeamCountry "PAK"]

1. Nf3 Nf6 2. g3 g6 3. c4 Bg7 4. d4 O-O 5. Bg2 d6 6. O-O Nc6 7. Nc3 a6 8. e4
Bg4 9. h3 Bxf3 10. Bxf3 e5 11. d5 Nd4 12. Bg2 c5 13. dxc6 bxc6 14. Ne2 Nd7 15.
Be3 c5 16. Nc3 Rb8 17. b3 h6 18. Rc1 h5 19. Kh2 Rb7 20. Qd2 Kh7 21. f4 h4 22.
f5 hxg3+ 23. Kxg3 Nf6 24. Bg5 Nh5+ 25. Kh2 Bf6 26. Be3 g5 27. Nd5 Nf4 28. h4
Nxd5 29. exd5 gxh4 30. Be4 Rg8 31. Rg1 Rg3 32. Rxg3 hxg3+ 33. Kxg3 Kg8 34. Bh6
Bg7 35. f6 Qxf6 36. Bg5 Ne2+ 37. Kg2 Nf4+ 38. Qxf4 Qxf4 39. Bxf4 exf4 40. Kf3
Be5 41. Rg1+ Kf8 42. Bh7 Ke7 43. Rg8 Ra7 44. Rb8 a5 45. Bc2 Kf6 46. Re8 Kg7 47.
Kg4 Rb7 48. Ra8 Kf6 49. Rxa5 Rb8 50. b4 Rg8+ 51. Kh4 cxb4 52. c5 f3 53. c6 f2
54. Bd3 Bd4 55. Rb5 Bc5 56. Rb7 Rf8 57. Kg3 Ke5 58. Re7+ Kxd5 59. c7 Kc6 60.
Rxf7 Rc8 61. Be4+ Kb6 62. Bd3 Rxc7 63. Rxc7 Kxc7 64. Kf3 Kb6 65. Ke2 Bd4 66.
Kd2 Kc5 67. Kc2 Be3 68. Bf1 Kd4 69. Bh3 Bg5 70. Bf1 Ke4 71. Bg2+ Kf4 72. Kb3
Kg3 73. Bf1 Bd2 74. Kc2 Be3 75. Kd3 Bc5 76. Ke4 Kh2 77. Kf3 Kg1 78. Ke2 d5 79.
Bh3 d4 80. Bf1 d3+ 0-1